[Event "Oberfranken-ch Q 0506"]
[Site "Schney"]
[Date "2006.01.02"]
[Round "1"]
[White "Hoffmann, Christian"]
[Black "Roedel, Ulrich"]
[Result "0-1"]
[WhiteElo "1468"]
[BlackElo "1753"]
[PlyCount "76"]
[EventDate "2006.01.02"]
[EventType "swiss"]
[EventRounds "6"]
[EventCountry "GER"]
[SourceTitle "EXT 2015"]
[Source "ChessBase"]
[SourceDate "2014.11.20"]
[SourceVersion "1"]
[SourceVersionDate "2014.11.20"]
[SourceQuality "1"]

1. e4 c5 2. Nf3 Nc6 3. d4 cxd4 4. Nxd4 Nf6 5. Nc3 a6 6. Be3 e6 7. Nxc6 bxc6 8. Qf3 Qa5 9. Bc4 Bb4 10. Bd2 d5 11. exd5 cxd5 12. 0-0 Qc7 13. Bb3 Bd6 14. h3 Bb7 15. Ba4+ Bc6 16. Bxc6+ Qxc6 17. Rfe1 0-0 18. Bg5 Be7 19. Re5 Rab8 20. b3 Rfc8 21. Ne2 Qxc2 22. Bf4 Bd6 23. Rg5 Bxf4 24. Qxf4 Ne4 25. Ng3 Nxg5 26. Qxg5 Qb2 27. Rd1 Rc2 28. Ne4 f6 29. Qg3 Rb6 30. Qd3 Qxa2 31. Qd4 Qxb3 32. Rd3 Rc1+ 33. Kh2 Qb2 34. Nxf6+ gxf6 35. Rg3+ Kf8 36. Qh4 Ke7 37. Rg7+ Kd6 38. Qa4 Qxf2 0-1